000 00711nam a2200241Ia 4500
003 OSt
005 20221006165745.0
006 a|||||r|||| 00| 0
007 ta
008 221006b |||||||| |||| 00| 0 hin d
024 _a7,234
037 _cDissertations
040 _aFML
_cFML
_bhin
041 _2hin
_ahin
100 _aKaul Jai Kishori Au.
_9680421
110 _aUniversity of Delhi. Faculty of Music and Fine Arts. Department of Music
_9520437
245 0 _aTarana Gayan
260 _c1987
300 _a137
_ccm.
700 _aUniversity of Delhi. Faculty of Music and Fine Arts. Department of Music
_9520438
942 _cDIS
_2CC
999 _c1121932
_d1121932